000 00525nam a2200169Ia 4500
008 240729s9999 xx 000 0 und d
022 _a2538-6271
245 0 _aReligious Inquiries
260 _aIran, Islamic Republic of
260 _bUniversity of Religions and Denominations Press
650 _a Religion (General)
650 _a Religions. Mythology. Rationalism
650 _aPhilosophy. Psychology. Religion
856 _uhttps://doaj.org/toc/32b1dde8cffe4b09af104ad3797216cf
942 _2ddc
942 _cDOAJEJ
999 _c69216
_d69216
945 _a1
_bMadushi Gamage
_c1
_dMadushi Gamage